Evropská hitparáda. Mezinárodní srovnání.
Medzinárodné porovnanie pracovného týždňa, sviatkov, platenej dovolenky, minimálnej mzdy, dávok v nemoci, materskej dovolenky, odstupného pri prepúšťaní zo zamestnania, podnikových rád, počtu hodín potrebných pre nákup spotrebného koša a miery ročnej inflácie v krajinách západnej Európy spracované v...
Salvato in:
| Natura: | Capitolo di libro |
|---|---|
| Lingua: | ceco |
| Soggetti: | |
| Tags: |
Nessun Tag, puoi essere il primo ad aggiungerne!!
|
MARC
| LEADER | 00000naa a2200000 4500 | ||
|---|---|---|---|
| 001 | r008246 | ||
| 005 | 20220831083624.1 | ||
| 041 | 0 | |a cze | |
| 044 | |a [CS] | ||
| 245 | 1 | 0 | |a Evropská hitparáda. |b Mezinárodní srovnání. |
| 520 | |a Medzinárodné porovnanie pracovného týždňa, sviatkov, platenej dovolenky, minimálnej mzdy, dávok v nemoci, materskej dovolenky, odstupného pri prepúšťaní zo zamestnania, podnikových rád, počtu hodín potrebných pre nákup spotrebného koša a miery ročnej inflácie v krajinách západnej Európy spracované v jednoduchej tabuľke. | ||
| 610 | 2 | 0 | |a ukazovatele sociálne |
| 610 | 2 | 0 | |a západná Európa |
| 610 | 2 | 0 | |a čas pracovný |
| 610 | 2 | 0 | |a čas voľný |
| 610 | 2 | 0 | |a mzdy |
| 610 | 2 | 0 | |a nemocenské |
| 610 | 2 | 0 | |a dovolenka |
| 610 | 2 | 0 | |a odstupné |
| 610 | 2 | 0 | |a rady pracujúcich |